00653nam a2200169Ia 4500003000400000008004100004040001600045082001800061100002200079245019000101260005100291300001700342490003100359650003400390650001900424650004000443GCL140319s9999 xx 000 0 ara d aGCL / cGCL04a418.02bج ص1 aجورج مدبك10aصناعة الترجمة: كيف نترجم بحثا من ا- من الانجليزية الى العربية ب- من العربية الى الانجليزية / cجورج مدبك a[S.N] : bدار الراتب الجامعية aمتعددة aسلسلة سوفنيرv004aالترجمة العربية04aالترجمة04aالترجمة الانجليزية